[Event "Limburg op g/60"]
[Site "Limburg"]
[Date "2007.02.20"]
[Round "4"]
[White "Conte, Fortunato"]
[Black "Dops, Gaston"]
[Result "1/2-1/2"]
[WhiteElo "1445"]
[BlackElo "1523"]
[PlyCount "118"]
[EventDate "2007.01.11"]
[EventType "swiss"]
[EventRounds "7"]
[EventCountry "BEL"]
[SourceTitle "EXT 2008"]
[Source "ChessBase"]
[SourceDate "2007.11.25"]
[SourceVersion "1"]
[SourceVersionDate "2007.11.25"]
[SourceQuality "1"]

1. e4 e5 2. Nf3 Nc6 3. Bc4 Bc5 4. Nc3 Nf6 5. 0-0 0-0 6. a3 d6 7. h3 a6 8. Kh1 Ba7 9. d3 b5 10. Ba2 Bb7 11. Bg5 Nd4 12. Nxd4 Bxd4 13. Qf3 h6 14. Qg3 hxg5 15. Qxg5 Nh7 16. Qg4 c6 17. f4 Bc8 18. Qh5 Be6 19. f5 Bxa2 20. Rxa2 Qg5 21. Qd1 Nf6 22. Rf3 Nh5 23. Qe1 f6 24. Ne2 Bb6 25. Ra1 Qh6 26. Rd1 Ra7 27. Qh4 Qg5 28. Qe1 Kf7 29. g4 Nf4 30. Kh2 Rh8 31. Qd2 Rh4 32. Nxf4 exf4 33. Qxf4 Qxf4+ 34. Rxf4 Bd4 35. Rf3 Bxb2 36. Kg3 Rh7 37. h4 Bxa3 38. g5 fxg5 39. hxg5 Kg8 40. Kg4 Bb2 41. d4 Rd7 42. Rb3 Bxd4 43. Rxd4 Rh2 44. c4 c5 45. Rd5 b4 46. g6 Re2 47. Kf3 Rc2 48. Rbd3 Rc3 49. e5 Rxd3+ 50. Rxd3 Kf8 51. Ke2 Ke7 52. exd6+ Kf6 53. Rd5 a5 54. Rxc5 a4 55. Rd5 a3 56. Kd2 a2 57. Ra5 a1Q 58. Rxa1 Rxd6+ 59. Kc2 Kxf5 1/2-1/2

[Event "Limburg op g/60"]
[Site "Limburg"]
[Date "2007.02.09"]
[Round "3"]
[White "Dops, Gaston"]
[Black "Hermans, Guy"]
[Result "1/2-1/2"]
[WhiteElo "1523"]
[BlackElo "1729"]
[PlyCount "73"]
[EventDate "2007.01.11"]
[EventType "swiss"]
[EventRounds "7"]
[EventCountry "BEL"]
[SourceTitle "EXT 2008"]
[Source "ChessBase"]
[SourceDate "2007.11.25"]
[SourceVersion "1"]
[SourceVersionDate "2007.11.25"]
[SourceQuality "1"]

1. Nf3 Nf6 2. d4 d5 3. Bg5 e6 4. c3 Be7 5. Nbd2 Nbd7 6. Qc2 0-0 7. e4 dxe4 8. Nxe4 h6 9. Nxf6+ Nxf6 10. Bxf6 Bxf6 11. Bd3 b6 12. Be4 Rb8 13. 0-0 Qd6 14. Rad1 Ba6 15. Rfe1 Bc4 16. Ne5 Bd5 17. Bxd5 exd5 18. Re2 b5 19. Qf5 Rbd8 20. b4 Rfe8 21. Rde1 Bxe5 22. Rxe5 Rxe5 23. Rxe5 Qc6 24. Re7 Rf8 25. Qd3 Qd6 26. Qe3 Qc6 27. Qg3 Qc4 28. Rxc7 Qxa2 29. h3 a5 30. bxa5 Qxa5 31. Rc5 Qa1+ 32. Kh2 b4 33. cxb4 Qxd4 34. Qe3 Qxb4 35. Rxd5 Qb8+ 36. Qg3 Qb1 37. Qd3 1/2-1/2

[Event "Limburg op g/60"]
[Site "Limburg"]
[Date "2007.01.23"]
[Round "2"]
[White "Cleuren, Bertho"]
[Black "Dops, Gaston"]
[Result "1/2-1/2"]
[WhiteElo "1671"]
[BlackElo "1523"]
[PlyCount "66"]
[EventDate "2007.01.11"]
[EventType "swiss"]
[EventRounds "7"]
[EventCountry "BEL"]
[SourceTitle "EXT 2008"]
[Source "ChessBase"]
[SourceDate "2007.11.25"]
[SourceVersion "1"]
[SourceVersionDate "2007.11.25"]
[SourceQuality "1"]

1. e4 e5 2. Nf3 Nf6 3. Nxe5 d6 4. Nf3 Nxe4 5. d4 d5 6. Bd3 Bb4+ 7. c3 Be7 8. 0-0 0-0 9. h3 Nc6 10. Re1 f5 11. Bf4 Bd6 12. Bxd6 Qxd6 13. Nbd2 Be6 14. a3 a6 15. Nb3 Bf7 16. Qc2 Bh5 17. Nfd2 Rae8 18. Be2 Bg6 19. Nc5 Nxc5 20. dxc5 Qxc5 21. Nb3 Qd6 22. Rad1 b5 23. Qd2 Bf7 24. Nd4 Nxd4 25. Qxd4 Re6 26. Qd2 Rfe8 27. b3 Qe7 28. Kf1 c6 29. Bd3 Rxe1+ 30. Rxe1 Qxe1+ 31. Qxe1 Rxe1+ 32. Kxe1 g6 33. b4 Kf8 1/2-1/2

[Event "Limburg op g/60"]
[Site "Limburg"]
[Date "2006.04.04"]
[Round "7"]
[White "Dops, Gaston"]
[Black "Laruelle, Leander"]
[Result "0-1"]
[WhiteElo "1564"]
[BlackElo "1760"]
[PlyCount "94"]
[EventDate "2006.01.11"]
[EventType "swiss"]
[EventRounds "7"]
[EventCountry "BEL"]
[SourceTitle "EXT 2008"]
[Source "ChessBase"]
[SourceDate "2007.11.25"]
[SourceVersion "1"]
[SourceVersionDate "2007.11.25"]
[SourceQuality "1"]

1. Nf3 Nf6 2. d4 d5 3. Bf4 c5 4. dxc5 Na6 5. Nbd2 Nxc5 6. e3 Qb6 7. b3 Bd7 8. Be2 e6 9. 0-0 Be7 10. Ne5 0-0 11. Nxd7 Ncxd7 12. Bd3 Rac8 13. Bg5 Bb4 14. Nf3 Bc3 15. Rb1 Qa5 16. a4 Ne4 17. Bh4 Ndf6 18. Bxf6 Nxf6 19. Nd4 Bxd4 20. exd4 g6 21. Qe1 Qc7 22. f3 a6 23. Rf2 Nd7 24. Re2 Qb6 25. Qf2 Qb4 26. h4 Qe7 27. Rbe1 Qf6 28. g4 h6 29. Qe3 Kg7 30. Rh2 Rh8 31. Ree2 g5 32. h5 Nb8 33. Rhf2 Nc6 34. c3 Qf4 35. Qxf4 gxf4 36. b4 Rc7 37. Rc2 Rhc8 38. Rfe2 Nd8 39. Kf1 Rxc3 40. b5 axb5 41. axb5 Rxc2 42. Rxc2 Rxc2 43. Bxc2 b6 44. Ke2 Nb7 45. Kd3 Nd6 46. Ba4 f5 47. Ke2 Kf6 0-1

[Event "Limburg op g/60"]
[Site "Limburg"]
[Date "2006.03.08"]
[Round "5"]
[White "Berta, Jozsef"]
[Black "Dops, Gaston"]
[Result "1-0"]
[WhiteElo "1779"]
[BlackElo "1564"]
[PlyCount "69"]
[EventDate "2006.01.11"]
[EventType "swiss"]
[EventRounds "7"]
[EventCountry "BEL"]
[SourceTitle "EXT 2008"]
[Source "ChessBase"]
[SourceDate "2007.11.25"]
[SourceVersion "1"]
[SourceVersionDate "2007.11.25"]
[SourceQuality "1"]

1. d4 Nf6 2. c4 e5 3. dxe5 Ng4 4. e4 Nxe5 5. f4 Ng6 6. Nf3 d6 7. Nc3 Bg4 8. Be2 Nc6 9. 0-0 Be7 10. Be3 0-0 11. a3 Bf6 12. Qc2 Bxf3 13. Bxf3 Nd4 14. Qd1 Nxf3+ 15. Qxf3 c6 16. Rac1 Re8 17. g3 Qe7 18. e5 dxe5 19. f5 Nf8 20. Ne4 b6 21. c5 b5 22. g4 h6 23. Rcd1 Red8 24. Rd6 Nh7 25. Rfd1 Rxd6 26. Rxd6 Ng5 27. Nxf6+ gxf6 28. Qxc6 Rd8 29. Qd5 Rxd6 30. cxd6 Qd7 31. Bc5 Nh3+ 32. Kf1 Ng5 33. Qa8+ Kg7 34. Qxa7 Ne4 35. Qxd7 1-0

[Event "Vlaams-ch"]
[Site "Bilzen"]
[Date "2004.05.31"]
[Round "7"]
[White "Dops, Gaston"]
[Black "Taverniers, Peter"]
[Result "1-0"]
[WhiteElo "1535"]
[BlackElo "1602"]
[PlyCount "120"]
[EventDate "2004.05.20"]
[EventType "swiss"]
[EventRounds "7"]
[EventCountry "BEL"]
[SourceTitle "EXT 2006"]
[Source "ChessBase"]
[SourceDate "2005.11.24"]
[SourceVersion "1"]
[SourceVersionDate "2005.11.24"]
[SourceQuality "1"]

1. Nf3 d5 2. d4 Nf6 3. Bf4 e6 4. e3 Bd6 5. Bxd6 Qxd6 6. c3 Nbd7 7. Nbd2 0-0 8. Bd3 h6 9. Rc1 e5 10. dxe5 Nxe5 11. Nxe5 Qxe5 12. Nf3 Qe7 13. h3 c6 14. 0-0 Ne4 15. c4 Be6 16. Qc2 Ng5 17. Nxg5 Qxg5 18. f4 Qd8 19. f5 dxc4 20. Bxc4 Bxc4 21. Qxc4 Qb6 22. Qc3 Rfe8 23. Rf3 Re4 24. Rg3 f6 25. Rd1 Qc7 26. Rg6 Qe7 27. Kf2 Re8 28. Rd3 Qe5 29. Qxe5 R4xe5 30. Rg3 Rxf5+ 31. Ke2 Rfe5 32. Rd7 R8e7 33. Rd3 Rb5 34. b3 Rc5 35. Kd2 Kf7 36. Rg4 Ke6 37. Re4+ Re5 38. Red4 Rd5 39. Re4+ Kd6 40. Rxd5+ cxd5 41. Rxe7 Kxe7 42. Kd3 Ke6 43. Kd4 b6 44. g4 g5 45. a4 Kd6 46. e4 dxe4 47. Kxe4 Ke6 48. b4 a6 49. b5 axb5 50. axb5 Kd6 51. Kd4 Ke6 52. Ke4 f5+ 53. gxf5+ Kf6 54. Kd5 Kxf5 55. Kc6 g4 56. hxg4+ Kxg4 57. Kxb6 h5 58. Ka6 h4 59. b6 h3 60. b7 h2 1-0

[Event "Limburg op g/60"]
[Site "Limburg"]
[Date "2004.01.27"]
[Round "2"]
[White "Bork, Heinz"]
[Black "Dops, Gaston"]
[Result "1/2-1/2"]
[WhiteElo "1424"]
[BlackElo "1609"]
[PlyCount "70"]
[EventDate "2004.01.??"]
[EventType "swiss"]
[EventRounds "7"]
[EventCountry "BEL"]
[SourceTitle "EXT 2006"]
[Source "ChessBase"]
[SourceDate "2005.11.24"]
[SourceVersion "1"]
[SourceVersionDate "2005.11.24"]
[SourceQuality "1"]

1. e4 e5 2. Nf3 Nf6 3. Nxe5 Qe7 4. Nf3 Nxe4 5. Be2 d6 6. d3 Nf6 7. Nc3 Be6 8. Bf4 g6 9. Qd2 Bg7 10. 0-0 0-0 11. Rfe1 Nd5 12. Nxd5 Bxd5 13. Ng5 Qd7 14. c3 Nc6 15. Bf3 Bxf3 16. Nxf3 a6 17. Re3 Rae8 18. Rae1 Rxe3 19. Qxe3 Ne5 20. Bxe5 Re8 21. d4 Qb5 22. Qd2 dxe5 23. dxe5 Bxe5 24. Rxe5 Rxe5 25. Nxe5 Qxe5 26. Qd8+ Kg7 27. Qd4 Qxd4 28. cxd4 Kf6 29. Kf1 Ke6 30. Ke2 Kd5 31. Kd3 b6 32. f4 a5 33. a4 c5 34. dxc5 Kxc5 35. b3 h5 1/2-1/2